00979 a2200157 45000010006000000050017000060080041000230030015000640400040000790800104001192450048002232640029002713000019003005050478003191000024007975423120260407155813.0260407a1970 arg spa dAR-UNSa-BCEJYS aAR-UNSa-BCEJYSbspacAR-UNSa-BCEJYS a330.1xCiencia económica. Conceptos fundamentales de teoría económica. Valor. Capital. Fondos10aEnsayos críticos sobre teoría monetaria 1aBarcelona :bArielc1970 a254 p.c19 cm. a1. Las dos tríadas-Lección I - 2. Las dos tríadas-Lección II - 3. Las dos tríadas-Lección III - 4. Una sugerncia para simplificar la Teoría monetaria(1935) - 5. El rendimiento de los "Consols" - 6. La teoría pura de la selección del portfolio - 7. Keynes y los "clásicos" - 8. Otra vez los "clásicos" - 9. La teoría monetaria y la historia:intento de perspectiva - 10. El Paper Credit de Thorton(1802) - 11. sobre el Treatise - 12. El asunto hayek1 aHicks, John Richard